000
00219nam a2200097Ia 4500
008
220204s9999 xx 000 0 und d
082
_a
82-3
_b
KEE
100
_a
Carolyn
245
0
_a
Message in the hollow oak
942
_c
BK
999
_c
32715
_d
32715